000 01065cab a22002175a 4500
001 L145218
008 080916e20080912xxkadeof s 000 0 eng d
035 _a(Sirsi) u145218
041 0 _aeng
100 1 _aLane, Thomas
245 0 0 _aSpot the difference
260 _c2008
490 _aBuilding
_v273(8546) 12 September 2008, 86-88(3)
520 _aPresents an experience where an old Victorian house was made more energy efficient than most modern new built houses. Explains the steps taken and techniques used to achieve a 90% reduction on carbon emissions. Shows that as a result this house should reach the level four of the Code for Sustainable Homes for a total refurbishment cost of £340,000. Sums up in a chart the costs and benefits of the renewable technologies used and gives plans of roof and window details.
590 _aKA
650 2 4 _aDCLG CODE FOR SUSTAINABLE HOMES
650 2 4 _aSTANDARD ASSESSMENT PROCEDURE (2005 EDITION)
651 4 _aEngland and Wales
_y1543-
690 _aBUILT ENVIRONMENT-SUSTAINABLE CONSTRUCTION
942 _n0
999 _c80732
_d80732